000 00512 a2200193 4500
005 20250318153912.0
008 250317b |||||||| |||| 00| 0 eng d
020 _a9780415726368
_c£ 43.99
040 _aMAIN
082 _a338.4791
_bM83T
100 _aMorrison, Alastair M
245 _aTourism marketing: In the age of the consumer
260 _bRoutledge
_c2022
_aOxon
300 _axxvi, 757
650 _aTourism Marketing
650 _aHospitality Industry
650 _aMarketing
942 _cBK
999 _c360583
_d360583